UBT Library

American heritage new history of World War II / (Record no. 40236)

000 -LEADER
fixed length control field 00858cam a2200241 a 4500
001 - CONTROL NUMBER
control field 708471
005 - DATE AND TIME OF LATEST TRANSACTION
control field 20180115041937.0
008 - FIXED-LENGTH DATA ELEMENTS--GENERAL INFORMATION
fixed length control field 970415s1997 nyua b 001 0 eng
010 ## - LIBRARY OF CONGRESS CONTROL NUMBER
LC control number 97018678
020 ## - INTERNATIONAL STANDARD BOOK NUMBER
International Standard Book Number 0670874744 (alk. paper)
040 ## - CATALOGING SOURCE
Original cataloging agency DLC
Transcribing agency DLC
Modifying agency DLC
041 ## - LANGUAGE CODE
Language code of text/sound track or separate title eng
080 ## - UNIVERSAL DECIMAL CLASSIFICATION NUMBER
Universal Decimal Classification number 940.53 STE
082 00 - DEWEY DECIMAL CLASSIFICATION NUMBER
Classification number 940.53 STE
Edition number 21
100 1# - Rafti
Rafti 16
101 ## - Shkurtesa
Shkurtesa HIS
245 10 - TITLE STATEMENT
Title American heritage new history of World War II /
Statement of responsibility, etc rev. and updated by Stephen E. Ambrose ; [based on the] original text by C.L. Sulzberger.
246 30 - VARYING FORM OF TITLE
Title proper/short title New history of World War II
504 ## - BIBLIOGRAPHY, ETC. NOTE
Bibliography, etc Includes bibliographical references (p. 607-608) and index.
906 ## - LOCAL DATA ELEMENT F, LDF (RLIN)
a 7
b cbc
c orignew
d 1
e ocip
f 19
g y-gencatlg
942 ## - ADDED ENTRY ELEMENTS (KOHA)
Source of classification or shelving scheme
Item type Books
Holdings
Withdrawn status Lost status Source of classification or shelving scheme Damaged status Not for loan Collection code Permanent location Current location Shelving location Date acquired Total Checkouts Full call number Barcode Date last seen Price effective from Koha item type
          Koleksioni i përgjithshem UBT - Lipjan UBT - Lipjan Koleksioni i përgjithshem 01/15/2018   940.53 STE 002-2995459 01/15/2018 01/15/2018 Books
UBT Library © 2015-2024. All rights reserved University Education for Business and Technology